Developing tactics for listening

Sparad:
Bibliografiska uppgifter
Huvudupphovsman: Richards, Jack C.
Materialtyp: Bok
Språk:Undetermined
Publicerad: Oxford Oxford Univ. Press 2003
Ämnen:
Taggar: Lägg till en tagg
Inga taggar, Lägg till första taggen!
Thư viện lưu trữ: Trung tâm Học liệu Trường Đại học Cần Thơ
LEADER 00532nam a2200193Ia 4500
001 CTU_80650
008 210402s9999 xx 000 0 und d
082 |a 428.34 
082 |b R514/C.3 
100 |a Richards, Jack C. 
245 0 |a Developing tactics for listening 
245 0 |c Jack C. Richards 
260 |a Oxford 
260 |b Oxford Univ. Press 
260 |c 2003 
650 |a English language 
650 |x Textbooks for foreign speakers 
904 |i Mai Loan 
980 |a Trung tâm Học liệu Trường Đại học Cần Thơ